Cinéma - Les plus gros succès au box-office - Statistiques

Statistiques générales
  • Ce quiz a été pris 729 fois
  • Le résultat moyen est 6 sur 50
Statistiques - réponses
HINT HINT ANSWER % Correct
James Cameron 1997 Titanic
88%
James Cameron 2009 Avatar
80%
Steven Spielberg 1993 Jurassic Park
57%
Joss Whedon 2012 Avengers
43%
Anthony/Joe Russo 2019 Avengers: Endgame
26%
Greta Gerwig 2023 Barbie
26%
Anthony/Joe Russo 2018 Avengers: Infinity War
22%
James Cameron 2022 Avatar : La Voie de l'eau
20%
Chris Columbus 2001 Harry Potter à l'école des sorciers
20%
Peter Jackson 2003 Le Seigneur des anneaux : Le Retour du roi
19%
Todd Phillips 2019 Joker
12%
Christopher Nolan 2012 The Dark Knight Rises
12%
Joss Whedon 2015 Avengers : L'Ère d'Ultron
11%
Jon Watts 2021 Spider-Man: No Way Home
11%
Colin Trevorrow 2015 Jurassic World
10%
Anthony/Joe Russo 2016 Captain America: Civil War
9%
Jon Favreau 2019 Le Roi lion
9%
Ryan Coogler 2018 Black Panther
8%
Jon Watts 2019 Spider-Man: Far From Home
8%
David Yates 2011 Harry Potter et les Reliques de la Mort : Partie 2
7%
Chris Buck/Jennifer Lee 2013 La Reine des neiges
7%
Shane Black 2013 Iron Man 3
6%
Sam Mendes 2012 Skyfall
6%
James Wan 2015 Fast and Furious 7
5%
George Lucas 1999 Star Wars, épisode I : La Menace fantôme
5%
Kelsey Mann 2024 Vice-versa 2
5%
James Wan 2018 Aquaman
4%
Shawn Levy 2024 Deadpool et Wolverine
4%
Brad Bird 2018 Les Indestructibles 2
4%
J. J. Abrams 2015 Star Wars, épisode VII : Le Réveil de la Force
4%
Lee Unkrich 2010 Toy Story 3
4%
Guy Ritchie 2019 Aladdin
3%
Anna Boden 2019 Captain Marvel
3%
Bill Condon 2017 La Belle et la Bête
3%
Chris Buck 2019 La Reine des neiges 2
3%
Gore Verbinski 2006 Pirates des Caraïbes : Le Secret du coffre maudit
3%
Rian Johnson 2017 Star Wars, épisode VIII : Les Derniers Jedi
3%
Joseph Kosinski 2022 Top Gun: Maverick
3%
Josh Cooley 2019 Toy Story 4
3%
Michael Bay 2011 Transformers 3 : La Face cachée de la Lune
3%
F. Gary Gray 2017 Fast and Furious 8
2%
J.A. Bayona 2018 Jurassic World: Fallen Kingdom
2%
Andrew Stanton 2016 Le Monde de Dory
2%
Kyle Balda 2015 Les Minions
2%
Gareth Edwards 2016 Rogue One: A Star Wars Story
2%
J. J. Abrams 2019 Star Wars, épisode IX : L'Ascension de Skywalker
2%
Aaron Horvath 2023 Super Mario Bros. le film
2%
Michael Bay 2014 Transformers : L'Âge de l'extinction
2%
Kyle Balda/Pierre Coffin 2017 Moi, moche et méchant 3
1%
Rob Marshall 2011 Pirates des Caraïbes : La Fontaine de Jouvence
1%
Aucun quiz correspondant
Distribution des résultats
% des personnes avec chaque résultat
Percentile par nombre de réponses
Votre historique - résultats
Vous n’avez pas pris ce quiz